[Event "Tourn. n8848"]
[Site "www.chess-mail.com"]
[Date "2016.07.08"]
[Round "1"]
[White "Francesco"]
[Black "Ff333"]
[WhiteElo "1990"]
[BlackElo "1980"]
[Result "0-1"]
[Round "1"]
1.e4 e5
2.Ng1f3 Nb8c6
3.d4 exd4
4.Nf3xd4 Qd8f6
5.Bc1e3 Bf8c5
6.c3 Nc6xd4
7.cxd4 Bc5b4
8.Nb1c3 Ng8h6
9.a3 Bb4a5
10.b4 Ba5b6
11.Ra1c1 c6
12.Bf1c4 d6
13.O-O Nh6g4
14.h3 Ng4xe3
15.fxe3 Qf6g5
16.Bc4xf7 Ke7
17.Qd1e2 Bc8xh3
18.Kh2 Bh3g4
19.Qe2f2 Ra8f8
20.e5 d5
21.Nc3e2 Bg4e6
22.Qf2f4 Qg5xf4
23.Rf1xf4 Rf8xf7
24.Rf4xf7 Be6xf7
{ resign }
0-1

[Event "Tourn. n8824"]
[Site "www.chess-mail.com"]
[Date "2016.07.08"]
[Round "1"]
[White "Genius9"]
[Black "Bojan"]
[WhiteElo "1850"]
[BlackElo "1990"]
[Result "0-1"]
[Round "1"]
1.e4 g6
2.g3 d5
3.exd5 Qd8xd5
4.Qd1f3 Bc8e6
5.Nb1c3 Qd5xf3
6.Ng1xf3 Bf8g7
7.Bf1g2 c6
8.d3 Nb8d7
9.Bc1d2 Ng8f6
10.O-O Nd7b6
11.Rf1e1 Nf6d5
12.Nc3xd5 Be6xd5
13.Bd2c3 Bg7xc3
14.bxc3 Nb6a4
15.c4 Bd5e6
16.Nf3g5 Be6g4
17.h3 Bg4d7
 { time }
0-1

[Event "Tourn. n8811"]
[Site "www.chess-mail.com"]
[Date "2016.07.08"]
[Round "1"]
[White "Esperanza"]
[Black "Genius9"]
[WhiteElo "1819"]
[BlackElo "1830"]
[Result "1-0"]
[Round "1"]
1.Ng1f3 d5
2.g3 c6
3.Bf1g2 Ng8f6
4.O-O Bc8g4
5.b3 Bg4xf3
6.Bg2xf3 e6
7.Bc1b2 Bf8d6
8.d3 O-O
9.Nb1d2 Nb8d7
10.e4 Nd7e5
11.Bf3g2 dxe4
12.dxe4 Bd6c7
13.h3 Qd8e7
14.Qd1e2 Ne5d7
15.Ra1d1 e5
16.Nd2c4 Rf8e8
17.Nc4e3 Nd7b6
18.Ne3f5 Qe7e6
19.g4  { time }
1-0

[Event "Tourn. n8792"]
[Site "www.chess-mail.com"]
[Date "2016.07.08"]
[Round "1"]
[White "Taxrama"]
[Black "Osmundw"]
[WhiteElo "1499"]
[BlackElo "1380"]
[Result "1-0"]
[Round "1"]
1.e4 e5
2.Ng1f3 Bf8d6
3.d4 b6
4.dxe5 Bd6b4
5.c3 Qd8e7
6.Bf1c4 d5
7.Bc4xd5 c6
8.Bd5c4 b5
9.Bc4b3 Nb8d7
10.O-O Nd7xe5
11.Nf3g5 c5
12.cxb4 cxb4
13.Qd1d5 Bc8b7
14.Qd5xb5 Bb7c6
15.Bb3xf7 Kd8
16.Rf1d1 Ne5d7
17.Ng5e6 Kc8
18.Qb5xc6 Kb8
19.Rd1xd7 Qe7xd7
20.Bc1f4 Qd7d6
21.Bf4xd6 
1-0

[Event "Tourn. n8822"]
[Site "www.chess-mail.com"]
[Date "2016.07.08"]
[Round "1"]
[White "Genius9"]
[Black "Gatrooper"]
[WhiteElo "1850"]
[BlackElo "1600"]
[Result "0-1"]
[Round "1"]
1.d4 d5
2.Bc1f4 e6
3.e3 Bf8d6
4.Bf4xd6 Qd8xd6
5.c3 a6
6.Ng1f3 h6
7.Nb1d2 Nb8c6
8.Bf1d3 Ng8f6
9.Qd1e2 e5
10.Nf3xe5 Nc6xe5
11.dxe5 Qd6xe5
12.Nd2f3 Qe5d6
13.O-O Nf6g4
14.h3 Ng4f6
15.Nf3d4 Bc8e6
16.Nd4xe6 Qd6xe6
 { time }
0-1

[Event "Tourn. n8856"]
[Site "www.chess-mail.com"]
[Date "2016.07.08"]
[Round "1"]
[White "Faerieking"]
[Black "Asoka"]
[WhiteElo "2260"]
[BlackElo "2700"]
[Result "0-1"]
[Round "1"]
1.e4 c5
2.Ng1f3 e6
3.Nb1c3 Nb8c6
4.d4 cxd4
5.Nf3xd4 Ng8f6
6.Nd4xc6 bxc6
7.e5 Nf6d5
8.Nc3e4 Qd8c7
9.f4 Qc7b6
10.Bf1d3 Bf8e7
11.Qd1h5 Ra8b8
12.g4 Nd5b4
{ resign }
0-1

[Event "Tourn. n8728"]
[Site "www.chess-mail.com"]
[Date "2016.07.08"]
[Round "1"]
[White "Louis"]
[Black "Fabos12"]
[WhiteElo "1940"]
[BlackElo "1800"]
[Result "1-0"]
[Round "1"]
1.e4 e5
2.f4 Nb8c6
3.Nb1c3 Bf8b4
4.Ng1f3 d6
5.Bf1b5 a6
6.Bb5xc6 bxc6
7.fxe5 Bb4xc3
8.dxc3 Bc8g4
9.exd6 Qd8xd6
10.O-O Qd6xd1
11.Rf1xd1 Bg4xf3
12.gxf3 Ng8f6
13.Bc1f4 O-O
14.Bf4xc7 Nf6h5
15.Bc7d6 Rf8d8
16.Rd1d4 g5
17.Kf2 Nh5f4
18.Bd6xf4 gxf4
19.Ra1g1 Kh8
20.Rg1g4 c5
21.Rd4d5 Rd8xd5
22.exd5 Ra8d8
23.c4 h5
24.Rg4xf4 Kg7
25.Rf4e4 Rd8d7
26.h4 f5
27.Re4e6 a5
28.a4 f4
29.Re6c6 Kh7
30.Rc6xc5 Rd7d6
31.Rc5xa5 Kg6
32.Ra5c5 Kf5
33.Rc5c6 Rd6d7
34.Rc6h6 { resign }
1-0

[Event "Tourn. n8811"]
[Site "www.chess-mail.com"]
[Date "2016.07.08"]
[Round "1"]
[White "Genius9"]
[Black "Umutkrc"]
[WhiteElo "1830"]
[BlackElo "1800"]
[Result "0-1"]
[Round "1"]
1.d4 e6
2.e4 a6
3.Nb1c3 h6
4.a3 c6
5.Ng1f3 Qd8a5
6.Bf1e2 Bf8b4
7.Bc1d2 Bb4f8
8.O-O Qa5d8
9.Bd2e3 d5
10.e5 b5
11.Qd1d2 Nb8d7
12.b4 f6
 { time }
0-1

[Event "Tourn. n8873"]
[Site "www.chess-mail.com"]
[Date "2016.07.08"]
[Round "1"]
[White "Sachpat"]
[Black "Bojan"]
[WhiteElo "1809"]
[BlackElo "1960"]
[Result "1-0"]
[Round "1"]
1.e4 e5
2.Ng1f3 Nb8c6
3.Bf1b5 Bf8d6
4.O-O a6
5.Bb5e2 b6
6.Rf1e1 Bc8b7
7.c3 Qd8f6
8.d4 exd4
9.e5 Nc6xe5
10.cxd4 Ne5c6
11.Be2xa6 Kd8
12.Ba6xb7 Ra8a7
13.Bc1g5 { resign }
1-0

[Event "Tourn. n8825"]
[Site "www.chess-mail.com"]
[Date "2016.07.08"]
[Round "1"]
[White "Nulladies"]
[Black "Genius9"]
[WhiteElo "1679"]
[BlackElo "1850"]
[Result "1-0"]
[Round "1"]
1.d4 Ng8f6
2.Bc1f4 d6
3.Ng1f3 g6
4.e3 Bf8g7
5.Nb1d2 O-O
6.Bf1e2 Nb8d7
7.c3 c5
8.h4 b6
9.O-O Bc8b7
10.a4 Nf6e4
11.Be2d3 Ne4xd2
12.Nf3xd2 cxd4
13.exd4 Nd7f6
14.Bd3b5 a6
15.Bb5c4 d5
16.Bc4e2 Ra8c8
17.Rf1e1  { time }
1-0

[Event "Tourn. n8820"]
[Site "www.chess-mail.com"]
[Date "2016.07.08"]
[Round "1"]
[White "Jesmantiz"]
[Black "Libiesse"]
[WhiteElo "2030"]
[BlackElo "2020"]
[Result "1-0"]
[Round "1"]
1.d4 d5
2.e3 Ng8f6
3.Bf1d3 e6
4.Nb1d2 Nb8d7
5.f4 c5
6.c3 cxd4
7.cxd4 Bf8b4
8.Ng1f3 O-O
9.O-O b6
10.Nf3e5 Bc8b7
11.Rf1f3 h6
12.Rf3h3 Ra8c8
13.g4 Nf6h7
14.Nd2f3 Rf8e8
15.g5 Nd7xe5
16.Nf3xe5 Bb4d6
17.Qd1h5 Bd6xe5
18.Bd3xh7 Kf8
19.dxe5 Ke7
20.Bc1d2 Re8h8
21.Bd2b4 Ke8
22.Bh7d3 a6
23.Qh5g4 d4
24.gxh6 dxe3
25.Rh3xe3 Qd8d4
26.Bb4d2 Rh8xh6
27.Qg4xg7 Qd4xf4
28.Re3e2 Qf4f3
29.Bd2xh6 Qf3h1
30.Kf2 Qh1f3
31.Ke1 Qf3h1
32.Kf2 Qh1f3
33.Ke1 Qf3h1
34.Kd2 Qh1f3
35.Qg7f8 { resign }
1-0

[Event "Tourn. n8803"]
[Site "www.chess-mail.com"]
[Date "2016.07.08"]
[Round "1"]
[White "Szustan"]
[Black "Faerieking"]
[WhiteElo "2590"]
[BlackElo "2290"]
[Result "1-0"]
[Round "1"]
1.e4 Ng8f6
2.e5 Nf6d5
3.d4 Nd5b6
4.Ng1f3 d5
5.Bf1d3 Bc8g4
6.O-O e6
7.Nb1d2 Bf8e7
8.c3 a6
9.Qd1c2 c5
10.dxc5 Be7xc5
11.Nd2b3 Bc5e7
12.Nf3d4 Qd8c7
13.h3 Bg4h5
14.f4 Nb8c6
15.f5 exf5
16.Bc1f4 O-O
17.g4 g5
18.Bf4h2 fxg4
19.Bd3xh7 Kh8
20.hxg4 Bh5xg4
21.Bh7f5 Bg4xf5
22.Nd4xf5 Nc6xe5
23.Bh2xe5 { resign }
1-0

[Event "Match"]
[Site "www.echecsemail.com"]
[Date "2016.07.08"]
[Round "1"]
[White "Fkarpov"]
[Black "Knightjumper"]
[WhiteElo "2090"]
[BlackElo "1630"]
[Result "1-0"]
[Round "1"]
1.d4 d5
2.e3 Ng8f6
3.Bf1d3 g6
4.Nb1c3 Bf8g7
5.Ng1f3 O-O
6.O-O Nb8d7
7.e4 Nf6xe4
8.Nc3xe4 dxe4
9.Bd3xe4 Nd7f6
10.Be4d3 c6
11.Rf1e1 Bc8g4
12.Bd3e2 e6
13.c4 Bg4xf3
14.Be2xf3  { time }
1-0

[Event "Match"]
[Site "www.echecsemail.com"]
[Date "2016.07.08"]
[Round "1"]
[White "Crazyhorse"]
[Black "Bronstein70"]
[WhiteElo "1539"]
[BlackElo "999"]
[Result "0-1"]
[Round "1"]
1.e4 d5
2.exd5 Qd8xd5
3.Nb1c3 Qd5e5
4.Bf1e2 c6
5.Ng1f3 Qe5c7
6.d3 Ng8f6
7.Bc1e3 Bc8f5
8.Qd1d2 Nb8d7
9.O-O e5
10.Rf1e1 Bf8d6
11.Nf3h4 Bf5e6
12.Nc3e4 Nf6xe4
13.dxe4 Nd7f6
14.f3 O-O-O
15.Qd2c3 Qc7e7
16.Nh4f5 Be6xf5
17.exf5 Nf6d5
18.Qc3b3 Nd5xe3
19.Kh1 Bd6c5
{ resign }
0-1

[Event "Match"]
[Site "www.echecsemail.com"]
[Date "2016.07.08"]
[Round "1"]
[White "Genius9"]
[Black "Stevep84"]
[WhiteElo "1870"]
[BlackElo "2180"]
[Result "0-1"]
[Round "1"]
1.e4 c6
2.d4 d5
3.Nb1c3 dxe4
4.Nc3xe4 Bc8f5
5.Ne4g3 Bf5g6
6.Ng1f3 Ng8f6
7.Bf1d3 Bg6xd3
8.Qd1xd3 e6
9.Bc1f4 Bf8d6
10.Bf4e5 Bd6xe5
11.dxe5 Nf6d5
12.O-O-O b5
13.Kb1 O-O
14.h4 Nb8d7
15.h5 Nd7c5
16.Qd3d4 Nc5a4
17.Ng3e4 Qd8a5
18.h6 g6
19.Ne4f6 Nd5xf6
20.exf6 c5
21.Qd4f4 b4
22.Nf3g5 Ra8b8
 { time }
0-1

[Event "Match"]
[Site "www.echecsemail.com"]
[Date "2016.07.08"]
[Round "1"]
[White "Knightjumper"]
[Black "Fkarpov"]
[WhiteElo "1630"]
[BlackElo "2090"]
[Result "0-1"]
[Round "1"]
1.Ng1f3 Ng8f6
2.c4 e6
3.d4 Bf8b4
4.Bc1d2 Bb4xd2
5.Qd1xd2 O-O
6.e3 c5
7.Nb1c3 cxd4
8.Nf3xd4 e5
9.Nd4b5 b6
10.Bf1e2 Nb8c6
11.O-O Bc8b7
12.Nb5d6 Qd8c7
13.Nd6xb7 Qc7xb7
 { time }
0-1

[Event "Match"]
[Site "www.echecsemail.com"]
[Date "2016.07.08"]
[Round "1"]
[White "Gambitmiau"]
[Black "Paco"]
[WhiteElo "1850"]
[BlackElo "1860"]
[Result "0-1"]
[Round "1"]
1.e4 e5
2.d4 exd4
3.c3 d5
4.Qd1xd4 Ng8f6
5.Bc1g5 Nb8c6
6.Bf1b5 Bc8d7
7.Bb5xc6 Bd7xc6
8.Bg5xf6 Qd8xf6
9.Qd4xf6 gxf6
10.exd5 Bc6xd5
11.f3 Rh8g8
12.Nb1d2 O-O-O
13.O-O-O Bf8h6
14.Kb1 Rg8xg2
15.Ng1h3 Rg2xd2
16.Rh1f1 Rd2xd1
17.Rf1xd1 Bd5xf3
18.Rd1xd8 Kxd8
19.Kc2 Bf3e4
20.Kb3 f5
21.Nh3f2 Be4c6
22.Nf2d3 f4
23.Nd3e5 Bc6d5
24.c4 Bd5e6
25.Kc3 Ke7
26.b4 f6
27.Ne5f3 Bh6g5
28.Nf3d4 Be6h3
29.Kd3 Bh3f1
30.Kc3 Kd6
31.a4 Bf1g2
32.Kd3 Ke5
33.Nd4b5 f3
{ resign }
0-1

[Event "Match"]
[Site "www.echecsemail.com"]
[Date "2016.07.08"]
[Round "1"]
[White "Daquata"]
[Black "Iko"]
[WhiteElo "1750"]
[BlackElo "1620"]
[Result "1-0"]
[Round "1"]
1.e4 e5
2.Ng1f3 Nb8c6
3.Bf1c4 Ng8f6
4.Nf3g5 h6
5.Ng5xf7 Qd8e7
6.Nf7xh8 g5
7.Nh8g6 Qe7c5
8.Bc4b3 Nf6xe4
9.O-O Bf8g7
10.d3 Ne4f6
11.Nb1c3 Qc5d6
12.Rf1e1 Nf6g8
13.Qd1h5 Ng8f6
14.Qh5f3 g4
15.Qf3e3 Nc6d4
16.Ng6xe5 Kf8
17.Ne5g6 
1-0

[Event "1/16 Finale"]
[Site "www.chess-mail.com"]
[Date "2016.07.08"]
[Round "1"]
[White "Vega"]
[Black "Raven16"]
[WhiteElo "2560"]
[BlackElo "2250"]
[Result "1-0"]
[Round "1"]
1.e4 e5
2.Ng1f3 Nb8c6
3.Bf1b5 a6
4.Bb5xc6 dxc6
5.O-O f6
6.d4 exd4
7.Nf3xd4 Bf8d6
8.Qd1h5 g6
9.Qh5f3 Bd6xh2
10.Kxh2 Qd8xd4
11.Nb1c3 Bc8d7
12.Rf1d1 Qd4b4
13.Bc1f4 O-O-O
14.Qf3e3 Kb8
15.Qe3g3 Qb4b6
16.Nc3a4 Qb6a5
17.b4 Qa5xa4
18.Bf4xc7 Kc8
19.Bc7b6 { resign }
1-0

[Event "Eq:Equipo Juan Diaz-Slap Shot Mates : "]
[Site "www.chess-mail.com"]
[Date "2016.07.08"]
[Round "1"]
[White "Yomismista"]
[Black "Jpmartinez"]
[WhiteElo "2590"]
[BlackElo "2580"]
[Result "1-0"]
[Round "1"]
1.d4 d5
2.c4 c6
3.Nb1c3 Ng8f6
4.Ng1f3 e6
5.cxd5 exd5
6.Bc1g5 Bc8f5
7.e3 Nb8d7
8.Bf1d3 Bf5xd3
9.Qd1xd3 Bf8d6
10.O-O O-O
11.Ra1b1 Rf8e8
12.b4 a6
13.a4 b5
14.Rf1e1 a5
15.axb5 axb4
16.bxc6 Ra8a3
17.cxd7 Qd8xd7
18.Bg5xf6 Ra3xc3
19.Qd3d1 gxf6
20.Nf3h4 Kh8
21.Qd1h5 b3
22.Nh4f5 Bd6a3
23.e4 Re8xe4
24.Re1d1 b2
25.Rb1xb2 Ba3xb2
26.Qh5h6 Re4g4
27.Qh6xf6 Kg8
28.f3 Rg4g6
29.Nf5e7 Kf8
30.Ne7xg6 hxg6
31.Qf6h8 Ke7
32.Rd1e1 Kd6
33.Qh8b8 Qd7c7
34.Qb8xb2 Rc3c4
35.Qb2a3 Kc6
36.Re1e7 Qc7b6
37.Qa3a8 Kd6
38.Re7d7 Kxd7
39.Qa8xd5 Ke7
40.Qd5xc4 Qb6b1
41.Kf2 Qb1b2
42.Qc4e2 { resign }
1-0

[Event "Tourn. n8762"]
[Site "www.chess-mail.com"]
[Date "2016.07.09"]
[Round "1"]
[White "Ipolit"]
[Black "Hundegana"]
[WhiteElo "2129"]
[BlackElo "2000"]
[Result "1-0"]
[Round "1"]
1.e4 c5
2.Ng1f3 g6
3.c3 Bf8g7
4.d4 b6
5.Bc1e3 Bc8b7
6.Bf1d3 e6
7.dxc5 bxc5
8.Be3xc5 Ng8e7
9.O-O O-O
10.Qd1b3 Bb7c6
11.Nb1d2 Rf8e8
12.Bc5d6 Qd8b6
13.Nd2c4 Qb6xb3
14.axb3 Ne7c8
15.Ra1a5 Nc8xd6
16.Nc4xd6 Re8e7
17.Rf1a1 Bg7f8
18.b4 a6
19.b5 axb5
20.Ra5xa8 Bc6xa8
21.Ra1xa8 Nb8c6
22.Bd3xb5 f5
23.Ra8a6 Re7g7
24.e5 h6
25.Bb5xc6 dxc6
26.Ra6xc6 Rg7a7
27.g3 g5
28.Nf3d4 Bf8xd6
29.exd6 Kf8
30.Rc6c7 Ra7a6
31.Nd4xe6 Kg8
32.d7 Ra6xe6
33.d8Q { resign }
1-0

[Event "Tourn. n8804"]
[Site "www.chess-mail.com"]
[Date "2016.07.09"]
[Round "1"]
[White "Wwgia"]
[Black "Genius9"]
[WhiteElo "1990"]
[BlackElo "1840"]
[Result "1-0"]
[Round "1"]
1.d4 d5
2.c4 e6
3.Nb1c3 Ng8f6
4.Ng1f3 Bf8e7
5.cxd5 exd5
6.Qd1c2 O-O
7.Bc1f4 c6
8.e3 Nb8d7
9.Bf1d3 Nd7b6
10.Nf3e5 Be7d6
11.O-O Rf8e8
12.f3 Bc8e6
13.h3  { time }
1-0

[Event "Tourn. n8843"]
[Site "www.chess-mail.com"]
[Date "2016.07.09"]
[Round "1"]
[White "Attatroll"]
[Black "Bigrezi"]
[WhiteElo "1910"]
[BlackElo "1780"]
[Result "0-1"]
[Round "1"]
1.e4 c5
2.b4 e6
3.bxc5 Bf8xc5
4.d4 Bc5e7
5.Ng1f3 Ng8f6
6.Bf1d3 d5
7.e5 Nf6d7
8.O-O O-O
9.Nb1c3 Nb8c6
10.a4 f6
11.exf6 Nd7xf6
12.Bc1a3 Be7xa3
13.Ra1xa3 Qd8e7
14.Nc3b5 a6
15.Nb5c3 Qe7xa3
{ resign }
0-1

[Event "Tourn. n8774"]
[Site "www.chess-mail.com"]
[Date "2016.07.09"]
[Round "1"]
[White "Jhzes"]
[Black "Genius9"]
[WhiteElo "1809"]
[BlackElo "1860"]
[Result "1-0"]
[Round "1"]
1.e4 d5
2.c3 dxe4
3.Qd1a4 c6
4.Qa4xe4 Ng8f6
5.Qe4d3 Qd8xd3
6.Bf1xd3 g6
7.Bd3c2 Bf8g7
8.d4 O-O
9.Nb1d2 Rf8e8
10.Ng1f3 Nf6d5
11.O-O Bc8g4
12.c4 Nd5f6
13.Nf3e5 Bg4e6
14.b3 Nb8d7
15.Ne5xd7 Be6xd7
16.f3 e6
17.Bc1b2 b6
18.Nd2e4 Nf6xe4
19.Bc2xe4 Ra8c8
20.Ra1b1 f5
21.Be4d3  { time }
1-0

[Event "Tourn. n8809"]
[Site "www.chess-mail.com"]
[Date "2016.07.09"]
[Round "1"]
[White "B0zata"]
[Black "Tartan"]
[WhiteElo "2270"]
[BlackElo "2330"]
[Result "0-1"]
[Round "1"]
1.e4 e6
2.d4 d5
3.exd5 exd5
4.Ng1f3 Bf8d6
5.Nb1c3 c6
6.Bf1d3 Ng8e7
7.O-O Bc8g4
8.h3 Bg4h5
9.Rf1e1 Nb8d7
10.Bc1g5 f6
11.Re1e6 Nd7f8
12.Re6xe7 Qd8xe7
13.Qd1d2 Bh5xf3
14.Ra1e1 Bf3e4
15.Nc3xe4 dxe4
16.Re1xe4 Nf8e6
17.Bd3c4 Ne6xg5
18.Re4xe7 Bd6xe7
19.Qd2e3 Ra8d8
20.c3 Ng5f7
21.Qe3e6 Nf7d6
22.Bc4b3 g6
23.g4 Rd8d7
24.d5 c5
25.c4 a6
26.Qe6e2 Rd7c7
27.Bb3a4 Kf8
28.Ba4c2 Kg7
29.b3 Rh8e8
30.Qe2f3 Be7d8
31.Qf3f4 Nd6f7
32.Bc2d3 Re8e1
33.Kg2 Re1d1
34.Bd3c2 Rd1d4
35.Qf4c1 Rc7e7
36.Kf1 Bd8a5
37.Qc1a3 Re7e1
38.Kg2 Ba5b4
39.Qa3a4 Rd4d2
40.Bc2xg6 hxg6
41.a3 Bb4c3
42.Qa4d7 Bc3d4
43.Qd7xb7 Rd2xf2
44.Kg3 Re1g1
45.Kh4 Kh6
46.Qb7xf7 g5
{ resign }
0-1

[Event "Tourn. n8754"]
[Site "www.chess-mail.com"]
[Date "2016.07.09"]
[Round "1"]
[White "Julian"]
[Black "Genius2"]
[WhiteElo "2130"]
[BlackElo "2090"]
[Result "1-0"]
[Round "1"]
1.e4 e5
2.Ng1f3 Nb8c6
3.c3 d5
4.exd5 Qd8xd5
5.d4 exd4
6.cxd4 Bc8g4
7.Nb1c3 Bf8b4
8.Bc1d2 Bb4xc3
9.bxc3 Bg4xf3
10.gxf3 O-O-O
11.Bf1h3 Kb8
12.O-O Ng8f6
13.Bh3g2 h5
14.f4 Qd5d7
15.Qd1b3 Nf6d5
16.c4 Nc6xd4
17.Qb3d3 Nd5f6
18.Bd2c3 Qd7d6
19.Rf1d1 Nd4e6
20.Qd3xd6 Rd8xd6
21.Rd1xd6 cxd6
22.f5 Ne6c5
23.Ra1b1 b6
24.Bc3d4 Kc7
25.Bd4xc5 dxc5
26.a4 Rh8e8
27.a5 Nf6e4
28.axb6 axb6
29.Rb1a1 Kd6
30.Ra1a7 g6
31.fxg6 fxg6
32.Ra7g7 Re8e6
33.Bg2xe4 Re6xe4
34.Rg7xg6 Re4e6
35.Rg6g5  { time }
1-0

[Event "Tourn. n8850"]
[Site "www.chess-mail.com"]
[Date "2016.07.09"]
[Round "1"]
[White "Ffdd65"]
[Black "Julian"]
[WhiteElo "2180"]
[BlackElo "2070"]
[Result "1-0"]
[Round "1"]
1.e4 c5
2.c3 Nb8c6
3.d4 cxd4
4.cxd4 d5
5.e5 e6
6.Ng1f3 f6
7.Bf1b5 Bc8d7
8.O-O fxe5
9.Nf3xe5 Nc6xe5
10.Bb5xd7 Ne5xd7
11.Rf1e1 Qd8b6
12.Qd1g4 Nd7f6
13.Re1xe6 { resign }
1-0

[Event "Tourn. n8772"]
[Site "www.chess-mail.com"]
[Date "2016.07.09"]
[Round "1"]
[White "Genius9"]
[Black "Viru"]
[WhiteElo "1860"]
[BlackElo "1840"]
[Result "0-1"]
[Round "1"]
1.Nb1c3 e5
2.e4 Bf8c5
3.Ng1f3 c6
4.Bf1e2 f6
5.O-O d5
6.exd5 cxd5
7.d4 Bc5xd4
8.Nf3xd4 exd4
9.Qd1xd4 Ng8e7
10.Be2f3 Nb8c6
11.Qd4d1 d4
12.Bf3xc6 bxc6
13.Nc3e4 O-O
14.b3 Qd8d5
15.Rf1e1 c5
16.f3 d3
17.Qd1xd3 Qd5e5
18.Bc1e3 Bc8f5
19.Qd3c4 Rf8f7
20.Be3xc5 Bf5xe4
21.fxe4 Ra8c8
22.b4 h6
23.Qc4d3 Ne7c6
24.a3 Rc8d8
25.Qd3e3 Nc6d4
 { time }
0-1

[Event "Tourn. n8829"]
[Site "www.chess-mail.com"]
[Date "2016.07.09"]
[Round "1"]
[White "Genius9"]
[Black "Pwain"]
[WhiteElo "1850"]
[BlackElo "1959"]
[Result "0-1"]
[Round "1"]
1.d4 c5
2.d5 Ng8f6
3.c4 b5
4.Nb1d2 e6
5.e4 bxc4
6.Bf1xc4 exd5
7.exd5 Bf8e7
8.Ng1f3 O-O
9.O-O Bc8b7
10.Nd2b3 d6
11.Rf1e1 Nb8d7
12.h3 Nd7b6
13.Qd1c2 Nb6xd5
 { time }
0-1

[Event "Tourn. n8815"]
[Site "www.chess-mail.com"]
[Date "2016.07.09"]
[Round "1"]
[White "Osopanda"]
[Black "Derfel83"]
[WhiteElo "1990"]
[BlackElo "2020"]
[Result "1-0"]
[Round "1"]
1.c4 c5
2.Ng1f3 Ng8f6
3.Nb1c3 Nb8c6
4.d4 cxd4
5.Nf3xd4 a6
6.e4 e6
7.f3 Bf8c5
8.Bc1e3 Bc5a7
9.Bf1e2 O-O
10.O-O d6
11.Qd1d2 Nf6d7
12.Rf1d1 Ba7b8
13.Ra1c1 Qd8c7
14.Nc3d5 exd5
15.cxd5 Nd7e5
16.dxc6 Ne5xc6
17.b4 d5
18.exd5 Qc7xh2
19.Kf1 Nc6e7
20.Be3g1 Qh2h1
21.Be2c4 b5
22.Bc4b3 Rf8e8
23.Rd1e1 Bb8a7
24.Rc1c7 Kf8
25.Qd2f4 Ba7xd4
26.Qf4xd4 Bc8f5
27.d6 Ne7g6
28.Rc7xf7 { resign }
1-0

[Event "Tourn. n8824"]
[Site "www.chess-mail.com"]
[Date "2016.07.09"]
[Round "1"]
[White "Genius9"]
[Black "Francesco"]
[WhiteElo "1850"]
[BlackElo "2010"]
[Result "0-1"]
[Round "1"]
1.d4 d5
2.c4 c6
3.cxd5 cxd5
4.Nb1c3 Bc8f5
5.Qd1b3 Nb8c6
6.e3 e6
7.Bf1b5 Ng8f6
8.Ng1f3 Bf8d6
9.Bc1d2 O-O
10.O-O a6
11.Bb5xc6 bxc6
12.Ra1c1 Ra8b8
13.Qb3a4 Bf5d3
14.Rf1e1 Qd8b6
15.b3 Bd3b5
16.Nc3xb5 cxb5
 { time }
0-1

[Event "Tourn. n8842"]
[Site "www.chess-mail.com"]
[Date "2016.07.09"]
[Round "1"]
[White "Genius9"]
[Black "Kampungboy"]
[WhiteElo "1910"]
[BlackElo "2070"]
[Result "0-1"]
[Round "1"]
1.Nb1c3 d5
2.d4 Ng8f6
3.Bc1f4 g6
4.e3 Bf8g7
5.Ng1f3 O-O
6.Bf1e2 Nf6h5
7.O-O Nh5xf4
8.exf4 c6
 { time }
0-1

[Event "Tourn. n8808"]
[Site "www.chess-mail.com"]
[Date "2016.07.09"]
[Round "1"]
[White "Umutkrc"]
[Black "Genius9"]
[WhiteElo "1800"]
[BlackElo "1830"]
[Result "1-0"]
[Round "1"]
1.c3 c5
2.Nb1a3 d6
3.Na3b5 a6
4.Nb5a3 Ng8f6
5.Ng1f3 g6
6.h3 Bf8g7
7.Na3c4 O-O
8.d3 Nb8c6
9.b3 e5
10.g4 b5
11.Nc4b2 Bc8b7
12.c4 Nc6d4
13.Nf3xd4 Bb7xh1
14.Nd4c2  { time }
1-0

[Event "Tourn. n8825"]
[Site "www.chess-mail.com"]
[Date "2016.07.09"]
[Round "1"]
[White "Jhzes"]
[Black "Genius9"]
[WhiteElo "1830"]
[BlackElo "1850"]
[Result "1-0"]
[Round "1"]
1.g3 c5
2.d3 d5
3.b3 Ng8f6
4.Bc1b2 Nb8c6
5.e3 e5
6.Bf1g2 Bc8e6
7.Ng1e2 Bf8e7
8.O-O Qd8d7
9.Nb1d2 O-O
10.a3 d4
11.exd4  { time }
1-0

[Event "Tourn. n8829"]
[Site "www.chess-mail.com"]
[Date "2016.07.09"]
[Round "1"]
[White "Genius9"]
[Black "Guidom"]
[WhiteElo "1850"]
[BlackElo "2090"]
[Result "0-1"]
[Round "1"]
1.e4 e5
2.Nb1c3 Bf8c5
3.Ng1f3 d6
4.Bf1c4 Ng8f6
5.d3 Nb8c6
6.O-O O-O
7.Bc1g5 h6
8.Bg5xf6 Qd8xf6
9.Nc3d5 Qf6d8
10.h3 Kh8
11.Qd1e2 f5
12.a3 fxe4
13.dxe4 Nc6d4
14.Nf3xd4 Bc5xd4
15.c3 Bd4b6
16.Nd5xb6 axb6
17.Bc4d5 c6
 { time }
0-1

[Event "Tourn. n8807"]
[Site "www.chess-mail.com"]
[Date "2016.07.09"]
[Round "1"]
[White "Gfalk"]
[Black "Wwgia"]
[WhiteElo "1930"]
[BlackElo "1990"]
[Result "0-1"]
[Round "1"]
1.f4 d5
2.Ng1f3 g6
3.g3 Bf8g7
4.d4 e6
5.Bf1g2 Ng8f6
6.O-O O-O
7.e3 b6
8.Nb1d2 c5
9.c3 Bc8a6
10.Rf1e1 Ba6d3
11.Nf3e5 Bd3e4
12.Nd2xe4 dxe4
13.Qd1c2 Nb8d7
14.Bc1d2 Nd7xe5
 { time }
0-1

[Event "Tourn. n8775"]
[Site "www.chess-mail.com"]
[Date "2016.07.09"]
[Round "1"]
[White "Passaroa25"]
[Black "Cal"]
[WhiteElo "1580"]
[BlackElo "1540"]
[Result "0-1"]
[Round "1"]
1.e4 e5
2.Ng1e2 d6
3.Ne2g3 a6
4.Bf1e2 h6
5.f3 Ng8f6
6.d3 Bf8e7
7.Nb1d2 c5
8.c4 b5
9.Nd2b3 O-O
10.O-O Bc8e6
11.Bc1e3 Nf6h7
12.Ng3f5 Be6xf5
13.Be3f2 Bf5e6
14.Nb3d2 f5
15.b3 Nb8c6
16.Qd1e1 fxe4
17.Nd2xe4 bxc4
18.dxc4 Nc6b4
19.Qe1d2 Be6f5
20.Qd2b2 d5
21.Ne4xc5 d4
22.g4 Bf5g6
23.Nc5e6 Qd8b6
24.Ne6xf8 Ra8xf8
25.Kg2 Nb4c2
26.Ra1c1 Be7a3
27.Qb2b1 Nc2e3
28.Bf2xe3 dxe3
29.Be2d3 Ba3xc1
30.Qb1xc1 Bg6xd3
31.Rf1e1 e2
32.Qc1d2 e4
33.Re1xe2 exf3
34.Kg3 Bd3xe2
35.Qd2d5 Kh8
36.c5 Nh7f6
37.cxb6 Nf6e8
38.b7 f2
39.b8Q f1Q
40.Kh4 g5
41.Kh5 Ne8f6
42.Kxh6 Qf1h3
43.Kxg5 Qh3xg4
44.Kh6 Qg4g7

0-1

[Event "Match"]
[Site "www.echecsemail.com"]
[Date "2016.07.09"]
[Round "1"]
[White "Starwind"]
[Black "Szustan"]
[WhiteElo "2410"]
[BlackElo "2670"]
[Result "1-0"]
[Round "1"]
1.d4 d5
2.c4 dxc4
3.Ng1f3 Ng8f6
4.e3 e6
5.Bf1xc4 c5
6.O-O a6
7.Bc4b3 Nb8c6
8.Nb1c3 Bf8e7
9.dxc5 O-O
10.Nc3a4 Qd8c7
11.Qd1c2 Bc8d7
12.Bc1d2 Nc6e5
13.Nf3xe5 Qc7xe5
14.Na4b6 Ra8d8
15.Nb6xd7 Rd8xd7
16.Bb3a4 Nf6g4
17.f4 Rd7xd2
18.Qc2xd2 Qe5h5
19.h3 Ng4xe3
20.Rf1f3 Be7xc5
21.Kh1 Qh5d5
22.Qd2xd5 exd5
23.Ra1c1 Bc5b6
24.Rc1c3 d4
25.Rc3b3 Ne3d5
26.Rf3f2 g6
27.Rf2e2 Nd5xf4
28.Re2e8 Nf4d5
29.a3 Rf8xe8
30.Ba4xe8 Kf8
31.Be8d7 Bb6c5
32.Bd7c8 b6
33.Bc8xa6 Ke7
34.Rb3d3 Nd5c7
35.Ba6b7 Nc7e6
36.Rd3d1 Bc5d6
37.b4 f5
38.Bb7c8 Bd6e5
39.Bc8xe6 Kxe6
40.a4 Kd6
41.Kg1 Kd5
42.a5 bxa5
43.bxa5 Kc6
44.Rd1b1 d3
45.a6 Be5d4
46.Kf1 d2
47.h4 { resign }
1-0

[Event "Match"]
[Site "www.echecsemail.com"]
[Date "2016.07.09"]
[Round "1"]
[White "Hurtadofredy"]
[Black "Germancho95"]
[WhiteElo "1540"]
[BlackElo "1620"]
[Result "1-0"]
[Round "1"]
1.e3 c5
2.Qd1f3 d5
3.Bf1b5 Nb8c6
4.Bb5xc6 bxc6
5.Ng1e2 c4
6.Ne2d4 c5
7.Nd4c6 Qd8d6
8.Nc6a5 e6
9.Na5xc4 Qd6a6
10.Nc4e5 f6
11.Ne5d3 c4
12.Nd3f4 Bf8d6
13.Qf3g3 g5
14.Qg3h3 gxf4
15.Nb1c3 e5
16.Qh3h5 Kf8
17.Nc3xd5 Qa6c6
18.e4 Ng8e7
19.Qh5h6 Kg8
20.Nd5xf6 Kf7
21.Nf6xh7 Ne7g8
22.Nh7g5  { time }
1-0

[Event "Match"]
[Site "www.echecsemail.com"]
[Date "2016.07.09"]
[Round "1"]
[White "Jweimar"]
[Black "Babedad"]
[WhiteElo "1449"]
[BlackElo "2029"]
[Result "0-1"]
[Round "1"]
1.e4 e6
2.Nb1c3 Bf8b4
3.d4 d5
4.e5 c5
5.a3 Bb4xc3
6.bxc3 Qd8c7
7.c4 cxd4
8.Qd1xd4 Nb8c6
9.Qd4g4 Qc7xe5
10.Bf1e2 Qe5xa1
11.Qg4xg7 Qa1xg7
{ resign }
0-1

[Event "Match"]
[Site "www.echecsemail.com"]
[Date "2016.07.09"]
[Round "1"]
[White "Bichoraro92"]
[Black "Xavier"]
[WhiteElo "1499"]
[BlackElo "1499"]
[Result "1-0"]
[Round "1"]
1.e4 c5
2.Ng1f3 Nb8c6
3.d4 cxd4
4.Nf3xd4 d6
5.Nb1c3 Ng8f6
6.Bf1e2 e6
7.Bc1e3 Bf8e7
8.Qd1d2 a6
9.a4 Bc8d7
10.f4 e5
11.Nd4b3 Nc6a5
12.O-O Na5xb3
13.cxb3  { time }
1-0